[Event "Quebec op"]
[Site "Montreal CAN"]
[Date "2000.07.23"]
[Round "3"]
[White "Kurenkov, Nikolai"]
[Black "Rozentalis, Eduardas"]
[Result "1-0"]
[WhiteElo "2329"]
[BlackElo "2570"]
[PlyCount "75"]
[GameId "2160767911653076"]
[EventDate "2000.07.22"]
[EventType "swiss"]
[EventRounds "9"]
[EventCountry "CAN"]
[SourceTitle "EXT 2002"]
[Source "ChessBase"]
[SourceDate "2001.11.25"]
[SourceVersion "1"]
[SourceVersionDate "2001.11.25"]
[SourceQuality "1"]

1. e4 e6 2. d4 d5 3. Nc3 Nc6 4. Nf3 Nf6 5. e5 Ne4 6. Bd3 Bb4 7. Bd2 Nxd2 8. Qxd2 f6 9. a3 Bxc3 10. Qxc3 fxe5 11. dxe5 O-O 12. O-O-O Bd7 13. h4 Qe7 14. Rh3 Rf4 15. Rg3 Raf8 16. Ng5 Rxh4 17. Nxh7 Rxh7 18. Bxh7+ Kxh7 19. Qd3+ Kg8 20. Rh1 Rf5 21. f4 Be8 22. Rgh3 Bg6 23. g4 Nxe5 24. fxe5 Qg5+ 25. Kb1 Rf2 26. Qb5 Bxc2+ 27. Ka1 Qe7 28. Qxb7 Be4 29. Rh8+ Kf7 30. Qxa7 Rc2 31. Qb8 Kg6 32. Qg8 Kg5 33. Rf1 Kxg4 34. Rh7 Bxh7 35. Qxh7 Rg2 36. Rf6 Rg3 37. Rg6+ Kf4 38. Qh2 1-0

[Event "Quebec op"]
[Site "Montreal CAN"]
[Date "2000.07.23"]
[Round "3"]
[White "Loadman, Ian"]
[Black "Fillion, Steve"]
[Result "1/2-1/2"]
[WhiteElo "2087"]
[BlackElo "2131"]
[PlyCount "32"]
[GameId "2160767911653079"]
[EventDate "2000.07.22"]
[EventType "swiss"]
[EventRounds "9"]
[EventCountry "CAN"]

1. e4 e6 2. d4 d5 3. Nd2 c5 4. exd5 exd5 5. Ngf3 Nc6 6. Bb5 Bd6 7. dxc5 Bxc5 8. O-O Nge7 9. Nb3 Bb6 10. Re1 O-O 11. Be3 Bxe3 12. Rxe3 Bg4 13. Be2 Qb6 14. Nfd4 Bxe2 15. Rxe2 Rad8 16. c3 Ng6 1/2-1/2

[Event "Quebec op"]
[Site "Montreal CAN"]
[Date "2000.07.23"]
[Round "3"]
[White "Luksza, Arkadiusz"]
[Black "Poulin, Maurice"]
[Result "1-0"]
[WhiteElo "2063"]
[BlackElo "2108"]
[PlyCount "93"]
[GameId "2160767911653080"]
[EventDate "2000.07.22"]
[EventType "swiss"]
[EventRounds "9"]
[EventCountry "CAN"]

1. d4 g6 2. c4 Bg7 3. Nc3 d6 4. e4 Nc6 5. Be3 e5 6. d5 Nce7 7. g4 f5 8. gxf5 gxf5 9. Nf3 h6 10. Rg1 Kf7 11. Nh4 Nf6 12. Nxf5 Nxf5 13. exf5 Bxf5 14. Bd3 e4 15. Be2 c5 16. Qd2 Qd7 17. O-O-O a6 18. Rg2 Rab8 19. Rdg1 Rh7 20. a4 Rg8 21. Qd1 h5 22. Rg5 Bg4 23. h3 Bxe2 24. Nxe2 Qxh3 25. Nf4 Qd7 26. Nxh5 Nxh5 27. Rxh5 Rgh8 28. Rxh7 Rxh7 29. Rg4 Qe7 30. Rf4+ Kg8 31. Qg4 Rh1+ 32. Kc2 Qe5 33. Qe6+ Kh8 34. Qxe5 Bxe5 35. Rxe4 Re1 36. Rg4 Re2+ 37. Kd3 Rxb2 38. Ke4 Rb4 39. Kf5 Rxa4 40. Bxc5 b5 41. f4 Bg7 42. Bxd6 Rxc4 43. Be5 Bxe5 44. Kxe5 Rc1 45. d6 Re1+ 46. Kf6 Kh7 47. Kf7 1-0

[Event "Quebec op"]
[Site "Montreal CAN"]
[Date "2000.07.23"]
[Round "3"]
[White "Miladinovic, Igor"]
[Black "Tyomkin, Dimitri"]
[Result "1/2-1/2"]
[WhiteElo "2563"]
[BlackElo "2522"]
[PlyCount "103"]
[GameId "2160767911653081"]
[EventDate "2000.07.22"]
[EventType "swiss"]
[EventRounds "9"]
[EventCountry "CAN"]
[SourceTitle "CBM 078"]
[Source "ChessBase"]
[SourceDate "2000.10.18"]
[SourceVersion "1"]
[SourceVersionDate "2000.10.18"]
[SourceQuality "1"]

1. d4 d5 2. Bg5 c6 3. c3 Qb6 4. Qb3 Bf5 5. Nf3 h6 6. Bh4 Nd7 7. e3 Ngf6 8. Be2 e6 9. O-O Bd6 10. c4 dxc4 11. Bxc4 Qxb3 12. Bxb3 Ne4 13. Nc3 g5 14. Nxe4 Bxe4 15. Bg3 Bxg3 16. hxg3 Ke7 17. Nd2 Bd3 18. Rfc1 h5 19. Rc3 Bg6 20. a4 Nf6 21. f3 h4 22. g4 Nd5 23. Bxd5 exd5 24. Nb3 Rac8 25. e4 dxe4 26. fxe4 Rhd8 27. Kf2 Rd6 28. Re1 Kf8 29. g3 hxg3+ 30. Kxg3 Re8 31. Rce3 b6 32. e5 Rd7 33. Rc1 Re6 34. Rc4 f6 35. a5 fxe5 36. axb6 axb6 37. Rb4 Bf7 38. Rxb6 exd4 39. Rxe6 Bxe6 40. Nc5 Rd6 41. Rb8+ Kf7 42. Rb7+ Kg6 43. Nxe6 Rxe6 44. Rd7 c5 45. Rd5 Re3+ 46. Kf2 Re4 47. Rxc5 Rxg4 48. b4 Rf4+ 49. Kg3 Kh5 50. Rc8 Rg4+ 51. Kf3 Rf4+ 52. Kg3 1/2-1/2

[Event "Quebec op"]
[Site "Montreal CAN"]
[Date "2000.07.23"]
[Round "3"]
[White "Moss, Laurent"]
[Black "Antonenko, Valerija"]
[Result "1-0"]
[WhiteElo "2035"]
[BlackElo "2061"]
[PlyCount "39"]
[GameId "2160767911653082"]
[EventDate "2000.07.22"]
[EventType "swiss"]
[EventRounds "9"]
[EventCountry "CAN"]

1. d4 d5 2. Nf3 Nf6 3. Bg5 e6 4. e3 Be7 5. Nbd2 O-O 6. Bd3 Nbd7 7. c3 c5 8. Ne5 Nxe5 9. dxe5 Nd7 10. Bxe7 Qxe7 11. f4 f6 12. Nf3 fxe5 13. fxe5 Rb8 14. h4 b5 15. Qc2 g6 16. Bxg6 hxg6 17. Qxg6+ Kh8 18. Qh6+ Kg8 19. Rh3 Kf7 20. Qh5+ 1-0

[Event "Quebec op"]
[Site "Montreal CAN"]
[Date "2000.07.23"]
[Round "3"]
[White "Neacsu, Catalin"]
[Black "Terminasov, Zaven"]
[Result "1-0"]
[WhiteElo "1987"]
[BlackElo "1800"]
[PlyCount "93"]
[GameId "2160767911653083"]
[EventDate "2000.07.22"]
[EventType "swiss"]
[EventRounds "9"]
[EventCountry "CAN"]

1. e4 e5 2. Nf3 Nc6 3. Bb5 d6 4. d4 Bd7 5. Nc3 Nxd4 6. Bxd7+ Qxd7 7. Nxd4 exd4 8. Qxd4 h6 9. O-O Nf6 10. Re1 Be7 11. e5 dxe5 12. Qxe5 O-O 13. Bxh6 Bd6 14. Qg5 Bxh2+ 15. Kh1 Qg4 16. Qxg7+ Qxg7 17. Bxg7 Kxg7 18. Kxh2 Rh8+ 19. Kg3 Nh5+ 20. Kf3 Rh6 21. g3 Rf6+ 22. Kg2 Rb6 23. Na4 Rc6 24. Re2 Rg6 25. Kf3 Rf6+ 26. Kg4 Rg8 27. Re5 Rg6+ 28. Kf3 Nf6 29. c4 Ng4 30. Re4 Kf8 31. Rf4 Rc6 32. b3 Ne5+ 33. Kg2 Ng6 34. Rd4 Kg7 35. Re1 Kh6 36. Nc3 Rf6 37. Rh1+ Kg7 38. Rd7 Ne5 39. Rxc7 Nd3 40. Ne4 Re6 41. Rh4 Rge8 42. Rg4+ Kf8 43. Ng5 Rg6 44. Rxf7+ Kg8 45. Rf5 Re5 46. Rxe5 Nxe5 47. Re4 1-0

[Event "Quebec op"]
[Site "Montreal CAN"]
[Date "2000.07.23"]
[Round "3"]
[White "Pineault, Denis"]
[Black "Archangelsky, Mikhail"]
[Result "0-1"]
[WhiteElo "2230"]
[BlackElo "2430"]
[PlyCount "79"]
[GameId "2160767911653084"]
[EventDate "2000.07.22"]
[EventType "swiss"]
[EventRounds "9"]
[EventCountry "CAN"]
[SourceTitle "EXT 2002"]
[Source "ChessBase"]
[SourceDate "2001.11.25"]
[SourceVersion "1"]
[SourceVersionDate "2001.11.25"]
[SourceQuality "1"]

1. e4 e6 2. d4 d5 3. e5 c5 4. c3 Qb6 5. Nf3 Nc6 6. Be2 cxd4 7. cxd4 Nh6 8. Nc3 Nf5 9. Na4 Bb4+ 10. Bd2 Qa5 11. Bc3 b5 12. a3 Bxc3+ 13. Nxc3 a6 14. g4 Nh6 15. h3 f6 16. exf6 gxf6 17. Qd2 Nf7 18. g5 b4 19. Nd1 f5 20. Rc1 Bd7 21. axb4 Qxb4 22. Nc3 Ke7 23. Kf1 Nd6 24. g6 hxg6 25. Ne5 Ke8 26. Qg5 Nxe5 27. dxe5 Nf7 28. Qxg6 Qf4 29. Re1 Qg5 30. Qxg5 Nxg5 31. h4 Ke7 32. f4 Nf7 33. Kf2 Rh6 34. h5 Rg8 35. Nd1 Bb5 36. Reg1 Bxe2 37. Kxe2 Rgh8 38. Rg6 Rxh5 39. Rxh5 Rxh5 40. Kf3 0-1

[Event "Quebec op"]
[Site "Montreal CAN"]
[Date "2000.07.23"]
[Round "3"]
[White "Raheb, David"]
[Black "Lasitsin, Ilja"]
[Result "1-0"]
[WhiteElo "2098"]
[BlackElo "1952"]
[PlyCount "53"]
[GameId "2160767911653085"]
[EventDate "2000.07.22"]
[EventType "swiss"]
[EventRounds "9"]
[EventCountry "CAN"]

1. d4 Nf6 2. c4 g6 3. Nc3 Bg7 4. e4 d6 5. Nf3 e5 6. dxe5 dxe5 7. Qxd8+ Kxd8 8. Nxe5 Be6 9. f4 Nbd7 10. Nxd7 Nxd7 11. Bd2 Ke7 12. O-O-O Rhd8 13. Nd5+ Bxd5 14. exd5 a5 15. Be2 Kf8 16. Bf3 Re8 17. Rhe1 Nb6 18. b3 Red8 19. a4 Nd7 20. Kc2 Ra6 21. g3 Nc5 22. Bc1 Kg8 23. Ba3 b6 24. Re7 Ra7 25. d6 Ne6 26. dxc7 Rc8 27. Rxe6 1-0

[Event "Quebec op"]
[Site "Montreal CAN"]
[Date "2000.07.23"]
[Round "3"]
[White "Soudre, Nicolas"]
[Black "Gagnon, Michel"]
[Result "1-0"]
[WhiteElo "2094"]
[BlackElo "2193"]
[PlyCount "55"]
[GameId "2160767911653087"]
[EventDate "2000.07.22"]
[EventType "swiss"]
[EventRounds "9"]
[EventCountry "CAN"]

1. e4 c5 2. Nc3 d6 3. f4 Nc6 4. Nf3 g6 5. Bc4 Bg7 6. O-O e6 7. f5 Ne5 8. Bb5+ Bd7 9. d3 Bxb5 10. Nxb5 Qd7 11. fxe6 fxe6 12. Nxe5 Bxe5 13. Na3 Bg7 14. c3 Nf6 15. Bg5 O-O 16. Nc4 d5 17. Nd2 Qc7 18. Qe2 Rae8 19. Rac1 Qc6 20. e5 Nd7 21. d4 cxd4 22. cxd4 Qb6 23. Be3 Qxb2 24. Rxf8+ Rxf8 25. Qd1 Re8 26. Rb1 Qa3 27. Qb3 Qa6 28. Qc2 1-0

[Event "Quebec op"]
[Site "Montreal CAN"]
[Date "2000.07.23"]
[Round "3"]
[White "Strassmann, Swantje"]
[Black "Kulagin, Maxim"]
[Result "0-1"]
[WhiteElo "2070"]
[BlackElo "1895"]
[PlyCount "62"]
[GameId "2160767911653088"]
[EventDate "2000.07.22"]
[EventType "swiss"]
[EventRounds "9"]
[EventCountry "CAN"]

1. e4 e6 2. d4 d5 3. e5 c5 4. c3 Nc6 5. Nf3 Qb6 6. a3 a5 7. Bd3 Bd7 8. Bc2 Qb5 9. Bd3 c4 10. Be2 a4 11. Nbd2 Na5 12. O-O h6 13. Rb1 Qb6 14. Ne1 O-O-O 15. Nc2 g5 16. Ne3 f5 17. exf6 Nxf6 18. Ng4 Nxg4 19. Bxg4 Bd6 20. Qe2 Kb8 21. Bh5 Qc7 22. Nf3 Rhg8 23. Ne5 Nc6 24. Nxd7+ Qxd7 25. f4 Rdf8 26. fxg5 Rxf1+ 27. Qxf1 hxg5 28. Qf7 Qc8 29. Bg4 Rf8 30. Qxe6 Qc7 31. h3 Bh2+ 0-1

[Event "Quebec op"]
[Site "Montreal CAN"]
[Date "2000.07.23"]
[Round "3"]
[White "Sullivan, Neil"]
[Black "Clement, Michel"]
[Result "1/2-1/2"]
[WhiteElo "2136"]
[BlackElo "2080"]
[PlyCount "93"]
[GameId "2160767911653089"]
[EventDate "2000.07.22"]
[EventType "swiss"]
[EventRounds "9"]
[EventCountry "CAN"]

1. e4 c5 2. Nf3 Nc6 3. d3 d6 4. g3 Nf6 5. Bg2 e6 6. O-O Be7 7. Nbd2 O-O 8. Re1 a6 9. Nf1 Bd7 10. h4 Nd4 11. N1h2 Nxf3+ 12. Bxf3 Bc6 13. Qe2 Rc8 14. h5 h6 15. Kh1 d5 16. e5 Nh7 17. Bg2 d4 18. f4 Bxg2+ 19. Qxg2 Qc7 20. g4 Qc6 21. Nf3 Rfd8 22. Re4 f5 23. Re1 c4 24. Rg1 fxg4 25. Qxg4 Bf8 26. dxc4 d3 27. b3 dxc2 28. Ba3 Rc7 29. Bxf8 Nxf8 30. Rac1 Rd3 31. Kg2 Rd2+ 32. Kg3 Re2 33. Nd4 Re3+ 34. Kf2 Qe4 35. Ne2 Rf7 36. Rxc2 Qxc2 37. Kxe3 Qxa2 38. Nd4 Qb2 39. Qd1 Qc3+ 40. Ke4 Rd7 41. Qd3 Qb2 42. Rg3 Qa1 43. Qc3 Qh1+ 44. Qf3 Qb1+ 45. Qd3 Qh1+ 46. Qf3 Qb1+ 47. Qd3 1/2-1/2

[Event "Quebec op"]
[Site "Montreal CAN"]
[Date "2000.07.25"]
[Round "3"]
[White "Berezovich, Mikhail"]
[Black "Golts, Roman"]
[Result "1/2-1/2"]
[WhiteElo "2164"]
[BlackElo "2192"]
[PlyCount "39"]
[GameId "2160767911653091"]
[EventDate "2000.07.22"]
[EventType "swiss"]
[EventRounds "9"]
[EventCountry "CAN"]
[SourceTitle "EXT 2002"]
[Source "ChessBase"]
[SourceDate "2001.11.25"]
[SourceVersion "1"]
[SourceVersionDate "2001.11.25"]
[SourceQuality "1"]

1. e4 e6 2. d4 d5 3. Nd2 c5 4. exd5 exd5 5. Ngf3 Nc6 6. Bb5 Bd6 7. dxc5 Bxc5 8. O-O Nge7 9. Nb3 Bd6 10. Bg5 O-O 11. Bh4 Qc7 12. Bg3 Bxg3 13. hxg3 Bg4 14. Be2 Rad8 15. c3 Rfe8 16. Nbd4 Nxd4 17. Qxd4 Nc6 18. Qd2 d4 19. Rfe1 dxc3 20. Qxc3 1/2-1/2

[Event "Quebec op"]
[Site "Montreal CAN"]
[Date "2000.07.25"]
[Round "3"]
[White "Goldenberg, Danny"]
[Black "Desjardins, Andre"]
[Result "1-0"]
[WhiteElo "2310"]
[BlackElo "2101"]
[PlyCount "81"]
[GameId "2160767911653093"]
[EventDate "2000.07.22"]
[EventType "swiss"]
[EventRounds "9"]
[EventCountry "CAN"]
[SourceTitle "EXT 2002"]
[Source "ChessBase"]
[SourceDate "2001.11.25"]
[SourceVersion "1"]
[SourceVersionDate "2001.11.25"]
[SourceQuality "1"]

1. e4 c5 2. Nf3 Nc6 3. d4 cxd4 4. Nxd4 Nf6 5. Nc3 e5 6. Ndb5 d6 7. Bg5 a6 8. Na3 b5 9. Nd5 Be7 10. Bxf6 Bxf6 11. c3 Ne7 12. Nxf6+ gxf6 13. Qd2 Bb7 14. O-O-O Bxe4 15. Qxd6 Qxd6 16. Rxd6 Nc6 17. f3 Ke7 18. Rd1 Bg6 19. Nc2 Rhd8 20. Be2 Rac8 21. Rxd8 Rxd8 22. Rd1 Rxd1+ 23. Kxd1 Kd6 24. a4 Kc5 25. b4+ Kb6 26. a5+ Kc7 27. Ne3 Kd6 28. Kd2 Bb1 29. Bd3 Bxd3 30. Kxd3 Ke6 31. g4 Kd6 32. Ke4 Ke6 33. Nd5 Nb8 34. h4 h5 35. Nc7+ Kd7 36. gxh5 Kxc7 37. h6 f5+ 38. Ke3 f4+ 39. Ke2 e4 40. h7 exf3+ 41. Kxf3 1-0

[Event "Quebec op"]
[Site "Montreal CAN"]
[Date "2000.07.25"]
[Round "3"]
[White "Morin, Yves"]
[Black "Kalinichev, Andrey"]
[Result "1-0"]
[WhiteElo "2235"]
[BlackElo "2043"]
[PlyCount "106"]
[GameId "2160767911653094"]
[EventDate "2000.07.22"]
[EventType "swiss"]
[EventRounds "9"]
[EventCountry "CAN"]
[SourceTitle "EXT 2002"]
[Source "ChessBase"]
[SourceDate "2001.11.25"]
[SourceVersion "1"]
[SourceVersionDate "2001.11.25"]
[SourceQuality "1"]

1. e4 c5 2. Bc4 e6 3. Qe2 a6 4. a4 b6 5. Nf3 Bb7 6. d3 Be7 7. Nbd2 d6 8. c3 Nd7 9. d4 Ngf6 10. Bd3 O-O 11. O-O Re8 12. Rd1 Qc7 13. Nf1 c4 14. Bc2 b5 15. Ng3 Bc6 16. axb5 axb5 17. Rxa8 Bxa8 18. Bg5 g6 19. Ra1 Bb7 20. Qd2 Ra8 21. Re1 Bf8 22. Qf4 Bg7 23. Qh4 Ra2 24. Bc1 Ra1 25. Qf4 e5 26. Qd2 Ba6 27. h3 Qb8 28. b3 Nb6 29. Bb2 Rxe1+ 30. Qxe1 cxb3 31. Bxb3 Nc4 32. Bc1 Nd7 33. Bc2 Qc7 34. Ne2 Bb7 35. Qd1 Ndb6 36. Nd2 Nxd2 37. Bxd2 Nc4 38. Bc1 Qb6 39. d5 Qc5 40. Bd3 h6 41. Qb3 Bc8 42. Bxc4 bxc4 43. Qb8 Kh7 44. Be3 Qa3 45. Qxc8 Qb3 46. f3 Bf6 47. Qd7 Kg7 48. Qxd6 Qd1+ 49. Kf2 Bh4+ 50. g3 Bf6 51. h4 Qh1 52. Bxh6+ Kxh6 53. Qxf6 Qh2+ 1-0

[Event "Quebec op"]
[Site "Montreal CAN"]
[Date "2000.07.25"]
[Round "3"]
[White "Pnevmonidis, Pantelis"]
[Black "Dvoretskij, Alexey"]
[Result "0-1"]
[WhiteElo "2080"]
[BlackElo "2098"]
[PlyCount "40"]
[GameId "2160767911653095"]
[EventDate "2000.07.22"]
[EventType "swiss"]
[EventRounds "9"]
[EventCountry "CAN"]
[SourceTitle "EXT 2002"]
[Source "ChessBase"]
[SourceDate "2001.11.25"]
[SourceVersion "1"]
[SourceVersionDate "2001.11.25"]
[SourceQuality "1"]

1. e4 e5 2. Nf3 Nc6 3. Nc3 Nf6 4. Bc4 Nxe4 5. Nxe4 d5 6. Bd3 dxe4 7. Bxe4 Bd6 8. O-O O-O 9. h3 Ne7 10. d4 f5 11. dxe5 fxe4 12. exd6 exf3 13. dxe7 Qxe7 14. Qd5+ Be6 15. Qg5 Qd7 16. g4 h6 17. Qh5 Bc4 18. Re1 Rae8 19. Be3 Be2 20. a4 Rxe3 0-1

[Event "Quebec op"]
[Site "Montreal CAN"]
[Date "2000.07.25"]
[Round "3"]
[White "Sakr, Nassim"]
[Black "Nicula, Marius"]
[Result "1/2-1/2"]
[WhiteElo "2199"]
[BlackElo "2225"]
[PlyCount "83"]
[GameId "2160767911653096"]
[EventDate "2000.07.22"]
[EventType "swiss"]
[EventRounds "9"]
[EventCountry "CAN"]
[SourceTitle "EXT 2002"]
[Source "ChessBase"]
[SourceDate "2001.11.25"]
[SourceVersion "1"]
[SourceVersionDate "2001.11.25"]
[SourceQuality "1"]

1. e4 e6 2. Qe2 c5 3. g3 Nc6 4. Nf3 g6 5. Bg2 Bg7 6. O-O Nge7 7. c3 e5 8. d3 O-O 9. Nbd2 d6 10. a4 Rb8 11. Rd1 a6 12. Nc4 b5 13. axb5 axb5 14. Ne3 h6 15. h4 f5 16. exf5 gxf5 17. Nc2 Be6 18. h5 Na5 19. Nd2 Bf7 20. d4 cxd4 21. cxd4 exd4 22. Rxa5 d3 23. Qxd3 Qxa5 24. Nd4 Qa4 25. N2f3 Qc4 26. Qd2 Bxh5 27. b3 Qc7 28. Ne6 Qc3 29. Qxc3 Bxc3 30. Nxf8 Rxf8 31. Rxd6 Rf6 32. Rxf6 Bxf6 33. Bxh6 Bf7 34. Bf1 Bxb3 35. Bxb5 Kf7 36. Be3 Bc2 37. Nd4 Bb1 38. Bc4+ Kg6 39. Ne6 Be5 40. Nf4+ Kf6 41. Nd5+ Nxd5 42. Bxd5 1/2-1/2

[Event "Quebec op"]
[Site "Montreal CAN"]
[Date "2000.07.25"]
[Round "3"]
[White "St Amand, Paul Jr"]
[Black "Mikanovic, Goran"]
[Result "1-0"]
[WhiteElo "2214"]
[BlackElo "2308"]
[PlyCount "91"]
[GameId "2160767911653097"]
[EventDate "2000.07.22"]
[EventType "swiss"]
[EventRounds "9"]
[EventCountry "CAN"]
[SourceTitle "EXT 2002"]
[Source "ChessBase"]
[SourceDate "2001.11.25"]
[SourceVersion "1"]
[SourceVersionDate "2001.11.25"]
[SourceQuality "1"]

1. e4 c5 2. c3 d5 3. exd5 Qxd5 4. d4 Nf6 5. Nf3 e6 6. Nbd2 Nc6 7. Bc4 Qd8 8. Nb3 cxd4 9. Nbxd4 Nxd4 10. Qxd4 Qxd4 11. Nxd4 a6 12. O-O Bd6 13. Rd1 Bc7 14. Bg5 h6 15. Bxf6 gxf6 16. Bd3 f5 17. Re1 Kf8 18. Rad1 b6 19. c4 Bb7 20. Be2 Rd8 21. Bf3 Bxf3 22. Nxf3 Kg7 23. Kf1 Kf6 24. Rxd8 Rxd8 25. Ke2 e5 26. h3 e4 27. Nd2 Bf4 28. Rd1 Rc8 29. Rc1 Ke5 30. g3 Bxd2 31. Kxd2 Kd4 32. b3 h5 33. h4 Ke5 34. Ke3 Rd8 35. c5 Rc8 36. c6 Kd6 37. Kf4 b5 38. c7 Ke6 39. b4 Kf6 40. Rc6+ Ke7 41. Kxf5 Kd7 42. Rc5 Kd6 43. Kxe4 a5 44. a3 axb4 45. axb4 f6 46. Kf5 1-0

[Event "Quebec op"]
[Site "Montreal CAN"]
[Date "2000.07.24"]
[Round "4"]
[White "Antonenko, Valerija"]
[Black "Feoktistov, Dmitri"]
[Result "0-1"]
[WhiteElo "2061"]
[BlackElo "1991"]
[PlyCount "48"]
[GameId "2160767911653098"]
[EventDate "2000.07.22"]
[EventType "swiss"]
[EventRounds "9"]
[EventCountry "CAN"]

1. e4 c6 2. d4 d5 3. f3 e6 4. Be3 Nf6 5. Nd2 Be7 6. Bd3 b6 7. e5 Nfd7 8. f4 c5 9. Ngf3 cxd4 10. Nxd4 Nc5 11. Qe2 Nxd3+ 12. Qxd3 Qd7 13. c4 Ba6 14. Qc3 O-O 15. cxd5 Qxd5 16. N2f3 Rc8 17. Qd2 Nc6 18. Nxc6 Qxc6 19. Kf2 Rd8 20. Nd4 Qe4 21. Rac1 Bb7 22. Ke1 Bc5 23. Rc4 Bxd4 24. Rxd4 Qb1+ 0-1

[Event "Quebec op"]
[Site "Montreal CAN"]
[Date "2000.07.24"]
[Round "4"]
[White "Arsenault, Michel"]
[Black "Wilkin, Alain"]
[Result "1-0"]
[WhiteElo "1920"]
[BlackElo "1915"]
[PlyCount "109"]
[GameId "2160767911653099"]
[EventDate "2000.07.22"]
[EventType "swiss"]
[EventRounds "9"]
[EventCountry "CAN"]

1. c4 Nf6 2. g3 g6 3. Bg2 d6 4. Nc3 Bg7 5. e4 e5 6. Nge2 O-O 7. O-O Nbd7 8. d3 c6 9. h3 a5 10. Be3 Qe7 11. f4 Ne8 12. f5 f6 13. g4 Nc7 14. Ng3 Na6 15. a3 Nac5 16. b3 Rf7 17. Qc2 Na6 18. Rab1 Qf8 19. h4 Qd8 20. g5 fxg5 21. hxg5 Nf8 22. Rf2 b6 23. Rbf1 Raa7 24. Nce2 Rab7 25. f6 Bh8 26. d4 Ne6 27. Rd1 Qc7 28. d5 cxd5 29. Rxd5 Nec5 30. Nc3 Qd8 31. Nb5 Rbd7 32. Rfd2 Nc7 33. Nxc7 Qxc7 34. Bh3 Rd8 35. Bxc8 Qxc8 36. Kg2 h6 37. b4 axb4 38. axb4 Ne6 39. Rxd6 Rxd6 40. Rxd6 Nxg5 41. Bxg5 hxg5 42. Qd3 Bxf6 43. Qd5 Kg7 44. Rxb6 Qc7 45. Qe6 Qa7 46. c5 Qa3 47. Rd6 Qxb4 48. Rd7 Qb2+ 49. Kh3 g4+ 50. Kxg4 Rxd7 51. Qxd7+ Kh6 52. c6 Qf2 53. c7 Qf4+ 54. Kh3 Bh4 55. Qg4 1-0

[Event "Quebec op"]
[Site "Montreal CAN"]
[Date "2000.07.24"]
[Round "4"]
[White "Clement, Michel"]
[Black "Beaulieu, Pierre"]
[Result "1/2-1/2"]
[WhiteElo "2080"]
[BlackElo "2193"]
[PlyCount "51"]
[GameId "2160767911653101"]
[EventDate "2000.07.22"]
[EventType "swiss"]
[EventRounds "9"]
[EventCountry "CAN"]

1. e4 b6 2. d4 Bb7 3. Nc3 e6 4. Nf3 Bb4 5. Bd3 Nf6 6. Qe2 d5 7. exd5 Nxd5 8. Bd2 Bxc3 9. bxc3 O-O 10. Qe4 g6 11. c4 Re8 12. O-O f5 13. Qe2 Nf6 14. Bg5 Nbd7 15. Ne5 Nf8 16. Rfe1 Qe7 17. Rab1 Qg7 18. Bxf6 Qxf6 19. c5 Rad8 20. c3 Kg7 21. Bb5 Re7 22. Bc6 Bc8 23. Bf3 Bd7 24. Bc6 Bc8 25. Bf3 Bd7 26. Bc6 1/2-1/2

[Event "Quebec op"]
[Site "Montreal CAN"]
[Date "2000.07.24"]
[Round "4"]
[White "Desjardins, Andre"]
[Black "Loadman, Ian"]
[Result "1/2-1/2"]
[WhiteElo "2194"]
[BlackElo "2087"]
[PlyCount "93"]
[GameId "2160767911653102"]
[EventDate "2000.07.22"]
[EventType "swiss"]
[EventRounds "9"]
[EventCountry "CAN"]

1. e4 e5 2. Nf3 Nc6 3. Bb5 a6 4. Ba4 Nf6 5. O-O Be7 6. Re1 b5 7. Bb3 d6 8. c3 O-O 9. d3 Na5 10. Bc2 c5 11. Nbd2 Re8 12. Nf1 Bf8 13. Ng3 g6 14. h3 Nc6 15. a4 Bb7 16. Bg5 h6 17. Bd2 d5 18. Qe2 dxe4 19. dxe4 c4 20. Red1 Qc7 21. Nh2 Qc8 22. Qf3 Qe6 23. Ngf1 Bg7 24. Ne3 Ne7 25. Neg4 Nxg4 26. Nxg4 Kh7 27. Qe2 Ng8 28. Be3 Nf6 29. Nxf6+ Bxf6 30. Rd2 Be7 31. Rad1 Bc6 32. Ra1 Rec8 33. f3 Re8 34. Qf2 Red8 35. Rxd8 Rxd8 36. axb5 axb5 37. Qe1 h5 38. Ra6 Ra8 39. Qa1 Rxa6 40. Qxa6 Bd7 41. Qa7 Kg7 42. Kf2 Bh4+ 43. g3 Bf6 44. g4 hxg4 45. hxg4 Bh4+ 46. Kg2 Qd6 47. Qc5 1/2-1/2

[Event "Quebec op"]
[Site "Montreal CAN"]
[Date "2000.07.24"]
[Round "4"]
[White "Dumouchel, Alain"]
[Black "Tessier, Olivier"]
[Result "0-1"]
[WhiteElo "2021"]
[BlackElo "2061"]
[PlyCount "96"]
[GameId "2160767911653103"]
[EventDate "2000.07.22"]
[EventType "swiss"]
[EventRounds "9"]
[EventCountry "CAN"]

1. d4 Nf6 2. Bg5 c5 3. Bxf6 gxf6 4. d5 d6 5. e3 Bf5 6. Ne2 Nd7 7. Ng3 Bg6 8. f4 h6 9. f5 Bh7 10. Nd2 a6 11. a4 Ne5 12. Be2 Qb6 13. Ra3 Qxb2 14. Rb3 Qa2 15. O-O Bg7 16. Rf4 O-O 17. Qc1 b5 18. Ra3 Qxd5 19. e4 Qd4+ 20. Kh1 c4 21. Nf3 Nxf3 22. Raxf3 Kh8 23. c3 Qc5 24. Nh5 Rg8 25. Nxg7 Rxg7 26. Rh4 d5 27. Qxh6 dxe4 28. Rfh3 Qxf5 29. g4 Qg6 30. Qe3 Kg8 31. Rh5 f5 32. Rxf5 Rb8 33. Rh6 Qxh6 34. Qxh6 Bxf5 35. gxf5 bxa4 36. h3 a3 37. Bxc4 Rb1+ 38. Kh2 Rb2+ 39. Kh1 a2 40. Bxf7+ Rxf7 41. Qg6+ Kh8 42. Qh6+ Kg8 43. Qg6+ Kf8 44. Qh6+ Rg7 45. Qh8+ Kf7 46. Qh5+ Kf6 47. Qh6+ Kxf5 48. Qh5+ Ke6 0-1

[Event "Quebec op"]
[Site "Montreal CAN"]
[Date "2000.07.24"]
[Round "4"]
[White "Egorov, Mikhail"]
[Black "Gibson, Kris"]
[Result "1-0"]
[WhiteElo "2114"]
[BlackElo "1865"]
[PlyCount "103"]
[GameId "2160767911653104"]
[EventDate "2000.07.22"]
[EventType "swiss"]
[EventRounds "9"]
[EventCountry "CAN"]

1. Nf3 c5 2. c4 Nf6 3. b3 e6 4. Bb2 Nc6 5. g3 Be7 6. Bg2 a6 7. O-O Qc7 8. a3 h5 9. Nc3 b6 10. e4 Bb7 11. Rc1 Nd4 12. e5 Ng4 13. Re1 h4 14. Nd5 exd5 15. Nxd4 Nxh2 16. g4 dxc4 17. Nf5 Bxg2 18. Kxg2 Qc6+ 19. Kxh2 h3 20. Rg1 Bg5 21. Rxc4 g6 22. Ng3 Rf8 23. d4 d5 24. exd6 O-O-O 25. dxc5 b5 26. Re4 f5 27. Re6 Qxc5 28. Qd4 Qc2 29. Qc3+ Qxc3 30. Bxc3 fxg4 31. Bd4 Bf4 32. Rxg6 Rg8 33. d7+ Kxd7 34. Rxa6 Kc8 35. Be3 Bxe3 36. Ra8+ Kb7 37. Rxd8 Rxd8 38. fxe3 Rd2+ 39. Kh1 Rd3 40. Nf5 Rxb3 41. Rxg4 Rxa3 42. Kh2 Ra6 43. Kxh3 Rb6 44. Rb4 Kc6 45. Nd4+ Kc5 46. Rxb5+ Rxb5 47. Nxb5 Kxb5 48. Kg4 Kc6 49. Kf5 Kd6 50. e4 Ke7 51. Ke5 Ke8 52. Ke6 1-0

[Event "Quebec op"]
[Site "Montreal CAN"]
[Date "2000.07.24"]
[Round "4"]
[White "Fillion, Steve"]
[Black "Belanger, Jacques"]
[Result "1/2-1/2"]
[WhiteElo "2131"]
[BlackElo "2113"]
[PlyCount "61"]
[GameId "2160767911653105"]
[EventDate "2000.07.22"]
[EventType "swiss"]
[EventRounds "9"]
[EventCountry "CAN"]

1. d4 Nf6 2. Nf3 g6 3. c4 Bg7 4. Nc3 O-O 5. e4 d6 6. Be3 e5 7. dxe5 dxe5 8. Qxd8 Rxd8 9. Nd5 Nxd5 10. cxd5 c6 11. Bc4 cxd5 12. Bxd5 Na6 13. Ng5 Rf8 14. Rc1 h6 15. Nf3 Nb4 16. Bc4 Nc6 17. Ke2 Bg4 18. h3 Bxf3+ 19. Kxf3 Nd4+ 20. Bxd4 exd4 21. Bd5 Be5 22. b3 Rab8 23. Rc5 Rbc8 24. Rhc1 Rxc5 25. Rxc5 b6 26. Rc6 Kg7 27. Ke2 Rd8 28. g3 g5 29. Kd3 Rd6 30. Rxd6 Bxd6 31. Kxd4 1/2-1/2